Advanced economic theory (Record no. 3482)

000 -LEADER
fixed length control field 00469nam a22002057a 4500
001 - CONTROL NUMBER
control field 3482
003 - CONTROL NUMBER IDENTIFIER
control field BD-DhUET
008 - FIXED-LENGTH DATA ELEMENTS--GENERAL INFORMATION
fixed length control field 0
020 ## - INTERNATIONAL STANDARD BOOK NUMBER
International Standard Book Number 8121902606
040 ## - CATALOGING SOURCE
Transcribing agency 0
Modifying agency BD-DhUET
082 ## - DEWEY DECIMAL CLASSIFICATION NUMBER
Classification number 330.1
Item number AHU/1998
100 ## - MAIN ENTRY--PERSONAL NAME
Personal name Ahuja,H. L.
245 ## - TITLE STATEMENT
Title Advanced economic theory
Remainder of title macroeconomic analysis
250 ## - EDITION STATEMENT
Edition statement 1st ed.
260 ## - PUBLICATION, DISTRIBUTION, ETC. (IMPRINT)
Place of publication, distribution, etc. Dhaka
Name of publisher, distributor, etc. S.Chand
Date of publication, distribution, etc. 1970
300 ## - PHYSICAL DESCRIPTION
Extent 1053p.
504 ## - BIBLIOGRAPHY, ETC. NOTE
Bibliography, etc Includes bibliographies
650 #0 - SUBJECT ADDED ENTRY--TOPICAL TERM
Topical term or geographic name as entry element Microeconomics analysis
942 ## - ADDED ENTRY ELEMENTS (KOHA)
Koha item type General Book
Holdings
Copy number Sublocation or collection (holding branch) Location (home branch) Date acquired Koha normalized classification for sorting Source of classification or shelving scheme Price effective from Piece designation (barcode) Withdrawn status Shelving location Lost status Koha date last seen Not for loan Damaged status Koha item type Koha full call number
1Central Library, BUETCentral Library, BUET2014-11-01330_000000000000000_1AHU1998 2014-11-0193665 Circulation section 2014-11-01  General Book330.1/AHU/1998
2Central Library, BUETCentral Library, BUET2014-11-01330_000000000000000_1AHU1998 2014-11-0193667 Circulation section 2017-05-06  General Book330.1/AHU/1998
3Central Library, BUETCentral Library, BUET2014-11-01330_000000000000000_1AHU1998 2014-11-0193671 Circulation section 2014-11-01  General Book330.1/AHU/1998
4Central Library, BUETCentral Library, BUET2015-06-10330_100000000000000_AHU_1998 2015-06-1093664 Reading section 2015-06-10  General Book330.1/AHU/1998